000 00430nam a2200145Ia 4500
008 231129s1999||||xx |||||||||||||| ||spa||
020 _a958-96314-4-4
040 _bspa
082 _aCo868 ó77L
100 _aOrtega Montero Carlos Rodolfo
245 0 _aLa lí­rica polí­tica en la historia de Colombia
260 _c1999
264 _aImprenta Nacional de Colombia
942 _2ddc
_cBKS
999 _c17492
_d17492